00917nam a22002537a 45000010005000000030006000050050017000110080041000280200018000690400029000870500017001160820012001331000025001452450032001702500041002022600034002433000023002775050007003005200265003075210018005725210018005906500024006086500031006327697FISKH20250731114622.0250731b cb ||||| |||| 00| 0 eng d a9780439523486 aFISKHbengcFISKHdFISKH aPZ7.B32615 H a 813.54 aBauer, Joand(1951-) aHope was here /cJoan Bauer aThis edition first published in 2003 aNew York :bScholastic,c2000 a186 pages :c20 cm aR  aWhen sixteen-year-old Hope and the aunt who has raised her move from Brooklyn to Mulhoney, Wisconsin, to work as waitress and cook in the Welcome Stairways diner, they become involved with the diner owner's political campaign to oust the town's corrupt mayor. 8 a710 bLexile 8 aR bRaz-Plus  2WisconsinaWaitress 2Newbery HonoraRestaurants